1856 1129 1407 1961 1635 1150 1455 1301 1090 1512 1447 1200 1250 1017 1199 1785 1109 1732 1505 1178 1853 1491 1561 1705 1512 1959 1020 1101 1523 1947 1693 1778 1646 1318 1202 1290 1825 1363 1574 1036 1285 1045 1154 1577 1265 1400 1254 1761 1688 1050 1575 1946 1122 1786 1376 1782 1818 1968 1975 1650 1067 1198 1228 1221 1037 1807 1612 1011 1060 1430 1619 1098 1040 1409 1610 1254 1109 1999 1410 1254 1492 1059 1813 1839 1868 1310 1481 1925 1475 1535 1393 1762 1241 1841 1981 1099 1154 1576 1229 BCNSPRNW ULIB Ver.6.0+V

เปลี่ยนเป็นภาษาไทย

Change to English
 แสดงรายละเอียดบรรณานุกรม
  กลับหน้าหลัก

Brief Record : Get Marc (ISO 2709) : E-mail record : QR code < ปิดหน้าต่าง
LEADER : 00000nam 2200000uu 4500
001    13399112919
003     ULIB
008    110919s2553||||th 000 0 tha d
020    9786167081670
090    นว.^bด432ล 2553
100 0  ดาลัน
245 00 เล่ห์มาร/^cดาลัน
250    พิมพ์ครั้งที่ 1
260    กรุงเทพฯ :^bSMART BOOK,^c2553
300    453 หน้า
945    ^p290^l0^i16658
995    กัณชพร
999     ^aใช้งานได้ทุกระบบ
รายการนี้ยังไม่มีแท็ก
คุณยังไม่ได้ล็อกอิน คุณสามารถมีกิจกรรมร่วมกับเว็บไซต์ได้ แต่ต้องล็อกอินก่อน ::
  ล็อกอิน

รายการสื่อสารสนเทศ

ลำดับที่ ประเภท เลขเรียก/บาร์โค้ด สถานที่ สถานะ
1. นวนิยาย
นวนิยาย
นว. ด432ล 2553  
  Barcode: 16658
ห้องสมุดวิทยาเขตสวรรค์ประชารักษ์
►นวนิยาย
บนชั้น
  ขอยืม

BibComment


ยังไม่เคยถูกคอมเมนท์

คอมเมนท์ทรัพยากรรายการนี้
  คอมเมนท์: เล่ห์มาร ดาลัน


 Copyright 2026. Bcnsprnw @Library